Statistics for Unusual Letter Combinations #2 (alphabetically consecutive)

Click here to take the quiz!

General Stats

  • This quiz has been taken 22 times
  • The average score is 2 of 7

Answer Stats

Letter SequenceWord that Contains it% Correct
HIJHIJACK, HIJAB, HIJINKS, HIJRA
94%
FGHAFGHAN
75%
LMNALMNER, CALMNESS
25%
MNOHYMNODY (and many others)
19%
RSTUUNDERSTUDY (and others)
13%
ABCABCOULOMB, DABCHICK
6%
XYZHYDROXYZINE
6%

Score Distribution

Percentile by Number Answered

Percent of People with Each Score

Your Score History

You have not taken this quiz